A Bouquet of Random Thoughts: (Record no. 171598)

MARC details
000 -LEADER
fixed length control field 00596nam a2200181 4500
005 - DATE AND TIME OF LATEST TRANSACTION
control field 20200116105915.0
010 ## - LCCN (DPL NO)
LC control number ENG-127384
020 ## - INTERNATIONAL STANDARD BOOK NUMBER
International Standard Book Number 9789386473790
Terms of availability 495.00
035 ## - SYSTEM CONTROL NUMBER
System control number EN-110916
037 ## - SOURCE OF ACQUISITION
Source of stock number/acquisition DBAD/PUB
082 ## - DEWEY DECIMAL CLASSIFICATION NUMBER
Classification number 888
100 ## - MAIN ENTRY--PERSONAL NAME
Personal name Koul,Bill K
245 ## - TITLE STATEMENT
Title A Bouquet of Random Thoughts:
Statement of responsibility, etc by Bill K Koul ; illustrated by Shadi Shahgaldi.
Remainder of title conversations with myself /
260 ## - PUBLICATION, DISTRIBUTION, ETC. (IMPRINT)
Place of publication, distribution, etc New Delhi
Name of publisher, distributor, etc Vitasta
Date of publication, distribution, etc 2020
270 ## - ADDRESS
Address 2/15,Ansari Road,Daryaganj
City New Delhi
Postal code 110002
Electronic mail address info@vitastapublishing.com
300 ## - PHYSICAL DESCRIPTION
Extent ix;250p.
Dimensions 22cm(Hb)
942 ## - ADDED ENTRY ELEMENTS (KOHA)
Source of classification or shelving scheme Dewey Decimal Classification
Item type English Books
Classification part 888
Call number suffix KOU
Holdings
Withdrawn status Lost status Not for loan Collection code Home library Current library Date acquired Source of acquisition Cost, normal purchase price Full call number Barcode Copy number Cost, replacement price Koha item type
      Non-fiction Central Library Central Library 16/01/2020 DBAD/PUB 495.00 888 KOU EN-110916 1 495.00 English Books

© Delhi Public Library
Hit Counter
free hit counter